CS:GO and CS2 cases - Statistics

General Stats
  • This quiz has been taken 241 times
    43 since last reset
  • The average score is 24 of 43
Answer Stats
Date (Y-M-D) Notable skin Case % Correct
2013-08-14 AK-47 Case Hardened CS:GO Weapon Case
78%
2016-11-28 Introduction of gloves Glove Case
78%
2015-01-08 New knife finishes (like Doppler) Chroma Case
74%
2013-11-08 SSG-08 Blood in the Water CS:GO Weapon Case 2
74%
2022-01-20 AK-47 Nightwish Dreams & Nightmares Case
74%
2015-05-26 Falchion Knife Falchion Case
74%
2013-09-19 AK-47 Fire Serpent Operation Bravo Case
74%
2015-12-08 R9 Revolver Fade Revolver Case
74%
2015-04-15 M4A1-S Hyper Beast Chroma 2 Case
70%
2014-07-01 Butterfly Knife Operation Breakout Weapon Case
70%
2023-02-10 AK-47 Head Shot Revolution Case
70%
2019-10-18 Classic Knife CS20Case
65%
2014-02-12 CZ74-Auto Victoria CS:GO Weapon Case 3
65%
2014-05-01 M4A4 Howl / AK-47 Vulcan Huntsman Weapon Case
65%
2024-02-06 Kukri knives and Zeus x27 Olympus Kilowatt Case
65%
2019-09-30 P250 X-Ray X-Ray P250 Package
65%
2018-12-06 AK-47 Asiimov Danger Zone Case
61%
2020-08-06 Desert Eagle Printstream Fracture Case
61%
2022-07-01 USP-S Printstream Recoil Case
61%
2025-03-31 AWP Printstream Fever Case
57%
2017-05-23 AWP Oni Taiji Operation Hydra Case
57%
2020-03-31 M4A1-S Player Two Prisma 2 Case
57%
2019-03-13 M4A4 The Emperor Prisma Case
57%
2016-04-27 M4A1-S Chanticos Fire Chroma 3 Case
52%
2016-06-15 New knife finishes (like Lore) Gamma Case
52%
2014-11-11 P2000 Fire Elemental Operation Vanguard Weapon Case
52%
2019-11-18 AWP Containment Breach Shattered Web Case
52%
2021-05-03 M4A4 Living Color Snakebite Case
52%
2024-10-02 M4A1-S Vaporwave Gallery Case
48%
2020-12-03 New gloves (like Driver Gloves Snow Leopard) Operation Broken Fang Case
48%
2014-02-20 AWP Asiimov Operation Phoenix Weapon Case
48%
2018-02-15 New gloves (like Specialist Gloves Fade) Clutch Case
43%
2021-09-23 Desert Eagle Ocean Drive Operation Riptide Case
43%
2015-09-17 USP-S Kill Confirmed Shadow Case
43%
2013-08-14 AWP Boom eSports 2013 Case
39%
2016-08-18 AK-47 Neon Revolution Gamma 2 Case
39%
2016-02-17 Bowie Knife Operation Wildfire Case
39%
2017-09-14 AK-47 The Empress Spectrum 2 Case
39%
2017-03-15 AK-47 Bloodsport Spectrum Case
39%
2013-12-18 M4A4 Asiimov Winter Offensive Weapon Case
39%
2014-07-10 AK-47 Jaguar eSports 2014 Summer Case
35%
2018-08-02 New knives (Navaja, Stiletto, Talon & Ursus) Horizon Case
35%
2013-12-18 M4A4 X-Ray eSports 2013 Winter Case
30%
No matching quizzes found
Score Distribution
Percent of People with Each Score
Percentile by Number Answered
Your Score History
You have not taken this quiz since the last reset